Με διαφορετικό πρόσωπο : φύλο, διαφορά και οικουμενικότητα
Αποθηκεύτηκε σε:
| Κύριος συγγραφέας: | |
|---|---|
| Μορφή: | Βιβλίο |
| Γλώσσα: | Greek |
| Δημοσίευση: |
Αθήνα :
Κατάρτι,
2000
|
| Σειρά: | Κοινωνικές επιστήμες (Σαββάλας)
|
| Θέματα: | |
| Ετικέτες: |
Προσθήκη ετικέτας
Δεν υπάρχουν, Καταχωρήστε ετικέτα πρώτοι!
|
MARC
| LEADER | 00000nam a2200000 i 4500 | ||
|---|---|---|---|
| 001 | 1/73053 | ||
| 008 | 050309s2000 gre d | ||
| 020 | |a 960-86427-2-8 | ||
| 035 | |l 10076988 | ||
| 040 | |a GR-MY-UA |b gre |e aacr | ||
| 041 | 0 | |a gre | |
| 082 | 0 | |a 305.309 |2 (21) | |
| 100 | 1 | |a Βαρίκα, Ελένη, |d 1947- | |
| 245 | 1 | 0 | |a Με διαφορετικό πρόσωπο : |b φύλο, διαφορά και οικουμενικότητα / |c Ελένη Βαρίκα |
| 260 | |a Αθήνα : |b Κατάρτι, |c 2000 | ||
| 300 | |a 418 σ.; |c 26 εκ. | ||
| 490 | 1 | |a Κοινωνικές επιστήμες | |
| 504 | |a Περιέχει βιβλιογραφία και ευρετήριο | ||
| 650 | 0 | 0 | |a Women's rights. |
| 650 | 0 | 0 | |a Human rights |x History. |
| 650 | 0 | 0 | |a Sex differences |x Social aspects |x History. |
| 650 | 0 | 0 | |a Equality |x History. |
| 830 | 0 | |a Κοινωνικές επιστήμες (Σαββάλας) | |
| 852 | |a INST |b LESVOS |e 20050701 |h 305.309 ΒΑΡ |p 005100030346 |q 005100030346 |t BK |y 0 | ||
| 852 | |a INST |b LESVOS |e 20050309 |h 305.309 ΒΑΡ |p 005100030938 |q 005100030938 |t BK |y 0 | ||
| 901 | |a BIBL1-2005-1 | ||
| 901 | |a BIBL1-2005-2 | ||
| 909 | |a Λ |b 118503 | ||
| 909 | |a Λ |b 121073 | ||
| 920 | |a ΕΠΕΑΕΚ ΚΟΙΝΩΝΙΚΗΣ ΑΝΘΡΩΠΟΛΟΓΙΑΣ ΚΑΙ ΙΣΤΟΡΙΑΣ |y ΛΕΣΒΟΣ |z 2004-12 | ||
| 920 | |a ΕΠΕΑΕΚ ΠΜΣ ΓΥΝΑΙΚΕΣ KAI ΦΥΛΑ |y ΛΕΣΒΟΣ |z 2005-01 | ||
| 970 | |a ΤΖΑΦΕΡΗ |b ΕΥΑΓΓΕΛΙΑ |z 2005/03/09 | ||